बुद्ध क्रांति के उदघोष / (Record no. 13856)

MARC details
000 -LEADER
fixed length control field 00799nam a22002057a 4500
005 - DATE AND TIME OF LATEST TRANSACTION
control field 20080623123348.0
008 - FIXED-LENGTH DATA ELEMENTS--GENERAL INFORMATION
fixed length control field 080623t xxu||||| |||| 00| 0 hin d
010 ## - LIBRARY OF CONGRESS CONTROL NUMBER
LC control number HIN-45969
020 ## - INTERNATIONAL STANDARD BOOK NUMBER
Terms of availability 150.00
035 ## - SYSTEM CONTROL NUMBER
System control number HN-27301
037 ## - SOURCE OF ACQUISITION
Source of stock number/acquisition DBAD
040 ## - CATALOGING SOURCE
Original cataloging agency dpl
Language of cataloging HN
082 ## - DEWEY DECIMAL CLASSIFICATION NUMBER
Classification number 181.499
100 ## - MAIN ENTRY--PERSONAL NAME
Personal name भालेकर, सन्देश
245 ## - TITLE STATEMENT
Title बुद्ध क्रांति के उदघोष /
Statement of responsibility, etc सन्देश भालेकर
260 ## - PUBLICATION, DISTRIBUTION, ETC. (IMPRINT)
Place of publication, distribution, etc नागपुर
Name of publisher, distributor, etc लेखक
Date of publication, distribution, etc 1996
300 ## - PHYSICAL DESCRIPTION
Extent 300पृ.
Dimensions 23सेमी.
942 ## - ADDED ENTRY ELEMENTS (KOHA)
Koha item type Hindi Books
Source of classification or shelving scheme Dewey Decimal Classification
Classification part 181.499
Call number suffix रजनी
Holdings
Withdrawn status Lost status Damaged status Not for loan Collection code Home library Current library Date acquired Cost, normal purchase price Total Checkouts Full call number Barcode Date last seen Cost, replacement price Price effective from Koha item type
      Not For Loan Non-fiction D.B.Act.Division D.B.Act.Division 23/06/2008 150.00   181.499 रजनी HN-27301 15/09/2008 150.00 15/09/2008 Hindi Books

© Delhi Public Library
Hit Counter
free hit counter